[Event "Merida World Heritage op 2nd"]
[Site "Merida"]
[Date "2022.08.06"]
[Round "8"]
[White "Roldan Ortiz, Antonio Jose"]
[Black "Garcia Perez, Miguel"]
[Result "1/2-1/2"]
[WhiteElo "1905"]
[BlackElo "1643"]
[PlyCount "66"]
[EventDate "2022.08.02"]
[EventType "swiss"]
[EventRounds "9"]
[EventCountry "ESP"]
[SourceTitle "EXT 2023"]
[Source "ChessBase"]
[SourceDate "2022.10.05"]
[SourceVersion "1"]
[SourceVersionDate "2022.10.05"]
[SourceQuality "1"]

1. d4 Nf6 2. Bg5 g6 3. Bxf6 exf6 4. e3 Bg7 5. c4 d6 6. g3 0-0 7. Bg2 Nc6 8. Nc3 Re8 9. Nge2 Bd7 10. 0-0 Qc8 11. Re1 f5 12. Nf4 Kh8 13. Nfd5 Nd8 14. Rc1 Ne6 15. b4 c6 16. Nf4 Nxf4 17. gxf4 Qd8 18. b5 Qa5 19. Qb3 Rab8 20. a4 Rec8 21. Red1 Qd8 22. Qa3 Bf8 23. Qa2 Qh4 24. Rb1 g5 25. fxg5 Qxg5 26. f4 Qg7 27. Kh1 Be7 28. Bf3 Qf6 29. bxc6 Bxc6 30. Nd5 Qe6 31. Re1 Bh4 32. Re2 Rg8 33. Qd2 Rg7 1/2-1/2

[Event "Merida World Heritage op 2nd"]
[Site "Merida"]
[Date "2022.08.04"]
[Round "4"]
[White "Corbacho Chaves, Oscar"]
[Black "Garcia Perez, Miguel"]
[Result "1-0"]
[WhiteElo "1867"]
[BlackElo "1643"]
[PlyCount "47"]
[EventDate "2022.08.02"]
[EventType "swiss"]
[EventRounds "9"]
[EventCountry "ESP"]
[SourceTitle "EXT 2023"]
[Source "ChessBase"]
[SourceDate "2022.10.05"]
[SourceVersion "1"]
[SourceVersionDate "2022.10.05"]
[SourceQuality "1"]

1. e4 d6 2. d4 Nf6 3. Nc3 g6 4. f4 Bg7 5. Nf3 0-0 6. e5 dxe5 7. fxe5 Nd5 8. Bc4 Nxc3 9. bxc3 c5 10. 0-0 Bg4 11. h3 Bxf3 12. Qxf3 Nc6 13. Bxf7+ Kh8 14. e6 cxd4 15. Rb1 dxc3 16. Bf4 Nd4 17. Qe4 b5 18. Be5 Qb6 19. Bxg7+ Kxg7 20. Qe5+ Kh6 21. Kh1 Nxc2 22. Rf4 g5 23. Rf6+ Kg7 24. Rg6# 1-0

[Event "Merida World Heritage op 1st"]
[Site "Merida"]
[Date "2021.08.07"]
[Round "6"]
[White "Garcia Perez, Miguel"]
[Black "Ramirez Sanchez, Nicolas"]
[Result "0-1"]
[WhiteElo "1501"]
[BlackElo "1691"]
[PlyCount "48"]
[EventDate "2021.08.04"]
[EventType "swiss"]
[EventRounds "9"]
[EventCountry "ESP"]
[SourceTitle "EXT 2023"]
[Source "ChessBase"]
[SourceDate "2022.10.05"]
[SourceVersion "1"]
[SourceVersionDate "2022.10.05"]
[SourceQuality "1"]

1. e4 e5 2. Nf3 Nf6 3. Nc3 Nc6 4. Bb5 Nd4 5. Nxd4 exd4 6. Ne2 Nxe4 7. d3 Nf6 8. Nxd4 Be7 9. 0-0 0-0 10. Be3 d5 11. Nf3 c5 12. d4 a6 13. Be2 c4 14. c3 Ne4 15. Nd2 Bf5 16. Nxe4 Bxe4 17. Qd2 Bd6 18. Bd1 Re8 19. Bc2 Qh4 20. h3 Re6 21. Bxe4 Qxe4 22. b3 Rg6 23. f3 Qh4 24. Bf2 Qxh3 0-1

[Event "Merida World Heritage op 1st"]
[Site "Merida"]
[Date "2021.08.07"]
[Round "7"]
[White "Santos Ramos, Elena"]
[Black "Garcia Perez, Miguel"]
[Result "0-1"]
[WhiteElo "1218"]
[BlackElo "1501"]
[PlyCount "70"]
[EventDate "2021.08.04"]
[EventType "swiss"]
[EventRounds "9"]
[EventCountry "ESP"]
[SourceTitle "EXT 2023"]
[Source "ChessBase"]
[SourceDate "2022.10.05"]
[SourceVersion "1"]
[SourceVersionDate "2022.10.05"]
[SourceQuality "1"]

1. e4 d6 2. Nc3 Nf6 3. h3 g6 4. Nf3 Bg7 5. b3 0-0 6. Bb2 Nbd7 7. d4 e5 8. Bc4 exd4 9. Nd5 Nxe4 10. Bxd4 c6 11. Bxg7 Kxg7 12. Qd4+ Nef6 13. Ne3 d5 14. Bd3 Qb6 15. g4 Qxd4 16. Nxd4 Re8 17. Ne2 Nc5 18. 0-0-0 Nfe4 19. Rh2 Bd7 20. h4 Nxf2 21. Rxf2 Rxe3 22. Rg1 Rxd3 23. g5 Re8 24. Nf4 Rde3 25. Kb2 Bf5 26. h5 Ne6 27. Nxe6+ R8xe6 28. hxg6 fxg6 29. Rh2 Re2 30. Rh6 Rxc2+ 31. Ka3 Kg8 32. Rgh1 Re7 33. R6h4 c5 34. b4 Re3+ 35. Ka4 Bd7+ 0-1

[Event "Merida World Heritage op 1st"]
[Site "Merida"]
[Date "2021.08.06"]
[Round "5"]
[White "Fernandez Malaga, Domingo"]
[Black "Garcia Perez, Miguel"]
[Result "0-1"]
[WhiteElo "1188"]
[BlackElo "1501"]
[PlyCount "58"]
[EventDate "2021.08.04"]
[EventType "swiss"]
[EventRounds "9"]
[EventCountry "ESP"]
[SourceTitle "EXT 2023"]
[Source "ChessBase"]
[SourceDate "2022.10.05"]
[SourceVersion "1"]
[SourceVersionDate "2022.10.05"]
[SourceQuality "1"]

1. e4 d6 2. f4 Nf6 3. Nc3 g6 4. d4 Bg7 5. Nf3 c6 6. Bd3 0-0 7. 0-0 Qc7 8. e5 Nfd7 9. Ne4 c5 10. c3 d5 11. Ng3 Nc6 12. Qe1 c4 13. Bc2 e6 14. f5 exf5 15. Nxf5 gxf5 16. Qh4 Nb6 17. Bh6 f6 18. exf6 Rxf6 19. Bg5 Rf8 20. Rae1 Qf7 21. Be7 Re8 22. Ng5 Qg6 23. Bd6 Bd7 24. g4 Bf6 25. Rxf5 Rxe1+ 26. Qxe1 Bxf5 27. Bxf5 Qxg5 28. Qe6+ Kg7 29. Qd7+ Nxd7 0-1